Statistics for New York Knicks NBA Awards Winners

Click here to take the quiz!

General Stats

  • This quiz has been taken 433 times
    (360 since last reset)
  • The average score is 6 of 11

Answer Stats

Player% Correct
Patrick Ewing
95%
Julius Randle
87%
Willis Reed
85%
Tyson Chandler
69%
John Starks
60%
Tom Thibodeau
50%
J.R. Smith
46%
Mark Jackson
43%
Pat Riley
35%
Anthony Mason
18%
Red Holzman
16%

Score Distribution

Percentile by Number Answered

Percent of People with Each Score

Your Score History

You have not taken this quiz since the last reset